Portuguese in India : (Record no. 53377)
[ view plain ]
| 000 -LEADER | |
|---|---|
| fixed length control field | 00644nam a2200205Ia 4500 |
| 005 - DATE AND TIME OF LATEST TRANSACTION | |
| control field | 20260429112311.0 |
| 008 - FIXED-LENGTH DATA ELEMENTS--GENERAL INFORMATION | |
| fixed length control field | 260429s9999||||xx |||||||||||||| ||und|| |
| 020 ## - INTERNATIONAL STANDARD BOOK NUMBER | |
| International Standard Book Number | 9789348610485 |
| 041 ## - LANGUAGE CODE | |
| Language | English |
| 082 ## - DEWEY DECIMAL CLASSIFICATION NUMBER | |
| Classification number | 954.83 |
| Item number | DAN |
| 100 ## - MAIN ENTRY--PERSONAL NAME | |
| Personal name | Danvers, Frederick Charles |
| 245 #0 - TITLE STATEMENT | |
| Title | Portuguese in India : |
| Remainder of title | being a history of the rise and decline of their eastern empire, Vol. ii / |
| Statement of responsibility, etc | Frederick Charles Danvers |
| 250 ## - EDITION STATEMENT | |
| Edition statement | 1st ed. |
| 260 ## - PUBLICATION, DISTRIBUTION, ETC. (IMPRINT) | |
| Place of publication, distribution, etc | Delhi : |
| Name of publisher, distributor, etc | B.R. Publishing Corporation, |
| Date of publication, distribution, etc | 2025. |
| 300 ## - PHYSICAL DESCRIPTION | |
| Extent | liii, 572 p.; hb |
| 650 ## - SUBJECT ADDED ENTRY--TOPICAL TERM | |
| Topical term or geographic name as entry element | Colonial history |
| 650 ## - SUBJECT ADDED ENTRY--TOPICAL TERM | |
| Topical term or geographic name as entry element | Maritime empire |
| 650 ## - SUBJECT ADDED ENTRY--TOPICAL TERM | |
| Topical term or geographic name as entry element | Portuguese India |
| 942 ## - ADDED ENTRY ELEMENTS (KOHA) | |
| Koha item type | Text Books |
| Withdrawn status | Lost status | Damaged status | Not for loan | Collection code | Home library | Location | Shelving location | Date of Cataloging | Source of acquisition | Total Checkouts | Full call number | Barcode | Date last seen | Price effective from | Koha item type |
|---|---|---|---|---|---|---|---|---|---|---|---|---|---|---|---|
| Non-fiction | CUTN Central Library | CUTN Central Library | History & Geography | 29/04/2026 | T R Publications, Chennai - Invoice No. TRPHO/2025/CRB/185 on 09-02-2026 | 954.83 DAN | 56572 | 29/04/2026 | 29/04/2026 | Text Books | |||||
| Non-fiction | CUTN Central Library | CUTN Central Library | History & Geography | 29/04/2026 | T R Publications, Chennai - Invoice No. TRPHO/2025/CRB/185 on 09-02-2026 | 954.83 DAN | 56573 | 29/04/2026 | 29/04/2026 | Text Books |
